Cliquez sur le Bon Film - Louis de Funès - Statistiques

Statistiques générales
  • Ce quiz a été pris 73 682 fois
  • Le résultat moyen est 8 sur 15
Statistiques - réponses
Hint Réponse % Correct

Les Aventures de Rabbi Jacob

84%

La Soupe aux Choux

84%

Le Petit Baigneur

84%

La Grande Vadrouille

80%

L'Avare

61%

L'Aile ou la Cuisse

59%

Fantômas

49%

Le Corniaud

49%

La Folie des Grandeurs

47%

Le Grand Restaurant

43%

Hibernatus

39%

Oscar

36%

La Zizanie

36%

Sur un Arbre Perché

31%

Le Tatoué

30%
Aucun quiz correspondant
Distribution des résultats
% des personnes avec chaque résultat
Percentile par nombre de réponses
Votre historique - résultats
Vous n’avez pas pris ce quiz